Introduction to positive economics (Record no. 4487)

000 -LEADER
fixed length control field 00603nam a22002175a 4500
001 - CONTROL NUMBER
control field 4487
003 - CONTROL NUMBER IDENTIFIER
control field BD-DhUET
008 - FIXED-LENGTH DATA ELEMENTS--GENERAL INFORMATION
fixed length control field 040324s2004 enka b 001 0 eng
020 ## - INTERNATIONAL STANDARD BOOK NUMBER
International Standard Book Number 0198774257
040 ## - CATALOGING SOURCE
Original cataloging agency DLC
Transcribing agency DLC
Modifying agency BD-DhUET
082 04 - DEWEY DECIMAL CLASSIFICATION NUMBER
Classification number 330.1
Item number LIP/1995
100 ## - MAIN ENTRY--PERSONAL NAME
Personal name Lipsey, Richard G.
245 10 - TITLE STATEMENT
Title Introduction to positive economics
Statement of responsibility, etc. by Richard G. Lipsey & K. Alec Chrystal.
250 ## - EDITION STATEMENT
Edition statement 8th ed.
260 ## - PUBLICATION, DISTRIBUTION, ETC. (IMPRINT)
Place of publication, distribution, etc. Oxford
Name of publisher, distributor, etc. Oxford University Press
Date of publication, distribution, etc. 1995
300 ## - PHYSICAL DESCRIPTION
Extent 919 p.
Other physical details col. ill. ;\
504 ## - BIBLIOGRAPHY, ETC. NOTE
Bibliography, etc Includes bibliographies
650 #0 - SUBJECT ADDED ENTRY--TOPICAL TERM
Topical term or geographic name as entry element Economics
700 ## - ADDED ENTRY--PERSONAL NAME
Personal name Chrystal, K. Alec
942 ## - ADDED ENTRY ELEMENTS (KOHA)
Koha item type General Book
Holdings
Sublocation or collection (holding branch) Copy number Withdrawn status Koha item type Not for loan Piece designation (barcode) Lost status Koha normalized classification for sorting Source of classification or shelving scheme Date acquired Shelving location Location (home branch) Koha date last seen Price effective from Damaged status Koha full call number
Central Library, BUET1 General Book 93096 330_000000000000000_1LIP1995 2014-11-17Circulation sectionCentral Library, BUET2014-11-172014-11-17 330.1/LIP/1995
Central Library, BUET2 Reading Item 93092 330_100000000000000_LIP_1995 2015-06-09Reading sectionCentral Library, BUET2015-06-092015-06-09 330.1/LIP/1995
Central Library, BUET3 Reading Item 93093 330_100000000000000_LIP_1995 2015-06-09Reading sectionCentral Library, BUET2015-06-092015-06-09 330.1/LIP/1995